00762nam a2200241 a 4500001001300000003000900013005001700022008004100039020001000080082001700090100003700107245007300144260004900217300000800266500003500274505001000309650001900319700003700338902000800375942000700383952011700390999001300507nice12345678IN_TiNIC20260116011325.0050524s1965 boma grp 000 0 eng  ac10000a297.822bDAW aDawoodi Bohra Friendship Guild,  aSpeaking Among Friends (the History and Faith of the Dawoodi Bohras) aBombaybDawoodi Bohra Friendship Guildc1965 a29p aincludes index and biblioraphy2 aIndex aDawoodi Bohras1 aDawoodi Bohra Friendship Guild,  bSRS cBK 001040708StackRoom-aHMIbHMId2007-06-29g100.00l0o297.822 DAWp03411r2007-06-29v100.00w2005-05-24yBK c511d511